[Event "Maarssen OKU op-B"]
[Site "Maarssen"]
[Date "2013.05.31"]
[Round "1"]
[White "Janssen, Toon"]
[Black "Peters, Harry"]
[Result "1-0"]
[WhiteElo "1827"]
[BlackElo "1687"]
[PlyCount "53"]
[EventDate "2013.05.31"]
[EventType "swiss"]
[EventRounds "6"]
[EventCountry "NED"]
[SourceTitle "EXT 2015"]
[Source "ChessBase"]
[SourceDate "2014.11.20"]
[SourceVersion "1"]
[SourceVersionDate "2014.11.20"]
[SourceQuality "1"]

1. e4 c6 2. d4 d5 3. Nd2 dxe4 4. Nxe4 Bf5 5. Ng3 Bg6 6. h4 h6 7. Nf3 Nd7 8. h5 Bh7 9. Bd3 Bxd3 10. Qxd3 e6 11. Bd2 Qb6 12. 0-0 Ngf6 13. Rfe1 0-0-0 14. Qe2 Bd6 15. Ne5 Rhf8 16. Nc4 Qc7 17. Nxd6+ Qxd6 18. Rad1 Qc7 19. c4 Rfe8 20. Qf3 b6 21. b4 e5 22. dxe5 Nxe5 23. Qf5+ Ned7 24. Bf4 Rxe1+ 25. Rxe1 Qb7 26. Re7 Rf8 27. Be5 1-0